| 000 | 01978nam a2200277 a 4500 | ||
|---|---|---|---|
| 001 | BRCA_8739 | ||
| 005 | 20190320210403.0 | ||
| 008 | 220217s1788----sp-#######---#000-0#spa-# | ||
| 041 | _aspa | ||
| 044 | _asp | ||
| 084 |
_aBE94 _b.F55 1788 |
||
| 245 | 1 | 0 |
_aLa filosofía moral declarada, y propuesta á la juventud _cpor Luis Antonio Muratori, bibliotecario del serenísimo señor duque de Modena; traducíala del toscano el O. M. Fr. Antonio Moreno Morales, Trinitario de la Provincia de Castilla, Teólogo de la Real Junta de la Inmaculada Concepción; añádanse las Advertencias Morales de Monseñor César Speciano, Obispo de Cremona. |
| 260 |
_aMadrid _bPor Benito Cano _c1788 |
||
| 300 |
_a[2], 380 p. (t.2) _c21 x 15 cm. |
||
| 500 | _aCon las licencias necesarias. | ||
| 500 | _aCon marca de fuego: “Procedencia de la marca: Convento de Santa Teresa Jesús de Querétaro (1). Institución: Orden de Carmelitas Descalzos. Provincia de San Alberto de México. Descripción: Variación sobre las armas de la Orden del Monte Carmelo. Un mantel sumado de una cruz patada y cargado de una letra capital Q. Al timbre, corona real abierta. Observaciones: Esta marca conserva tres elementos del escudo carmelita: la cruz, el mantel / monte y la corona de tres florones, simplificación de la de 12 estrellas (sentido místico del Apocalipsis) (2) ---------- En 2006 Fermín Campos sugirió que la inicial Q es la sigla de la palabra ´Querétaro´. Ubicación de la marca en el libro: Portada” | ||
| 500 | _aEstado físico: presenta encuadernación en pergamino | ||
| 650 | 1 | 4 |
_aMoral _xFilosofía _921757 |
| 700 | 1 |
_aMuratori, Luis Antonio _921758 |
|
| 700 | 1 |
_aMoreno Morales, Antonio _etr. _921759 |
|
| 700 | 1 |
_aSpeciano, Cesar _eObispo _921760 |
|
| 700 | 1 |
_aCano, Benito _eImpresor _921761 |
|
| 856 | _ahttp://www.marcasdefuego.buap.mx:8180/xmLibris/projects/firebrand/item.jsp?repository=marcas_de_fuego&key=1cac16ac.xml&num=19 | ||
| 902 | _aCFM | ||
| 942 |
_2lcc _cB |
||
| 999 |
_c8391 _d8391 |
||